000 00578nam a2200193Ia 4500
005 20250508163110.0
008 008 250505s9999 xx 000 0 eng d
037 _aTextual
040 _aFEDL
_beng
_cFEDL
041 _aeng
_2eng
084 _a160, BAG
_qFEDL
100 _aBagchi Sitansusekhar
_9508211
245 0 _aInductive reasoning : A study of Tarka and its role in Indian logic
260 _aCalcutta, India
_bSanskrit Book Depot (P) Ltd.
_c1981
300 _axxix,312p.
650 _aLogic
942 _cTEXL
_h160, BAG
999 _c1380817
_d1380817